004890000a22001210004500090001700000245013600017041001300153700003700166100002800203942001300231773010600244999001700350 aASbSeriadas10aIntegrated pest management and entomopathogenic fungal biotechnology in the Latin Americas: I-Opportunities in a global agriculture0 aInglés1 aKhachatourians, George G.9992021 aValencia, Edison999203 cARTICULO1 tRevista de la Academia Colombiana de Ciencias Exactas, Fisicas y Naturales332h83q193-202d1998g22 c14321d14321